| 000 | 00331nam a22001217a 4500 | ||
|---|---|---|---|
| 008 | 160423b xxu||||| |||| 00| 0 eng d | ||
| 020 | _a9780323026086 | ||
| 020 | _a0323026087 | ||
| 041 | _aeng | ||
| 080 | _a618.2 | ||
| 245 |
_aPrinciples and practice of ' Psychiatric nursing: _cGail W. Stuart; Michele T. Laraia; |
||
| 942 |
_2udc _cBK |
||
| 999 |
_c1548 _d1548 |
||